[Event "ch-IRI 2017"]
[Site "masterchessopen.com Tehran IRI"]
[Date "2017.03.05"]
[Round "1.4"]
[White "Lorparizangeneh,S"]
[Black "Darini,P"]
[Result "0-1"]
[WhiteElo "2524"]
[BlackElo "2518"]

1.c4 Nf6 2.Nf3 c5 3.Nc3 Nc6 4.d4 cxd4 5.Nxd4 e6 6.g3 Qb6 7.Ndb5 d5 8.Bg2 d4
9.Na4 Qd8 10.Bxc6+ bxc6 11.Nxd4 Ba6 12.b3 Qa5+ 13.Bd2 Qh5 14.e3 Qh3 15.Qf3 Rc8
16.Bc3 Be7 17.O-O-O c5 18.Nc2 Qg4 19.Qxg4 Nxg4 20.Rdf1 Nf6 21.f3 Bb7 22.e4 Bc6
23.Nb2 O-O 24.Nd3 Nd7 25.h4 f5 26.e5 g6 27.Nf4 Kf7 28.Ne3 Bd8 29.Rh2 Bc7
30.Nd3 h6 31.Ng2 Rh8 32.Ngf4 g5 33.Ne2 Kg6 34.Kd2 Rcf8 35.Ke3 Kf7 36.Ng1 Bd8
37.Ne2 Rfg8 38.hxg5 hxg5 39.Rfh1 Rxh2 40.Rxh2 Kg7 41.Kf2 Bc7 42.Bd2 Kg6 43.f4
g4 44.Be3 Bb6 45.Nc3 Rd8 46.Kf1 Ba5 47.Nb5 Nf6 48.Nxc5 Rd1+ 49.Ke2 Bf3+ {#R}
0-1

[Event "ch-IRI 2017"]
[Site "masterchessopen.com Tehran IRI"]
[Date "2017.03.05"]
[Round "1.5"]
[White "Bagheri,Maziar"]
[Black "Mosadeghpour,Masoud"]
[Result "0-1"]
[WhiteElo "2302"]
[BlackElo "2444"]

1.d4 Nf6 2.Nf3 d5 3.e3 e6 4.Be2 Bd6 5.b3 O-O 6.Bb2 Nbd7 7.c4 b6 8.Nc3 Bb7
9.O-O c5 10.cxd5 Nxd5 11.dxc5 Nxc3 12.Bxc3 Bxc5 13.Qd2 Nf6 14.Qb2 Qe7 15.Rad1
Bb4 16.Be5 Rfd8 17.Rxd8+ Rxd8 18.Rd1 Rxd1+ 19.Bxd1 Ng4 20.Bg3 f6 21.Qc2 Bc5
22.Ng5 f5 23.Bxg4 Qxg5 24.Be2 Qf6 25.h4 h6 26.Qd2 Bd5 27.h5 Kh7 28.Bb5 Qg5
29.Be8 Kg8 30.Bg6 f4 31.e4 fxg3 32.Qxg5 gxf2+ 33.Kf1 hxg5 34.exd5 exd5 35.Ke2
Kf8 36.b4 Be3 37.Bd3 d4 38.Kf3 Ke7 39.Ke4 Kd6 40.g4 Bd2 41.Kf5 Bxb4 42.Kxg5
Ke5 43.Kg6 Kf4 44.Kxg7 Ke5 {#R} 0-1

[Event "ch-IRI 2017"]
[Site "masterchessopen.com Tehran IRI"]
[Date "2017.03.05"]
[Round "1.6"]
[White "Pourramezanali,A"]
[Black "Mousavi,Se"]
[Result "0-1"]
[WhiteElo "2510"]
[BlackElo "2412"]

1.e4 e5 2.Nf3 Nf6 3.Nxe5 d6 4.Nf3 Nxe4 5.Nc3 Nxc3 6.dxc3 Be7 7.Be3 Bf5 8.Nd4
Bg6 9.Qf3 c6 10.Nf5 O-O 11.O-O-O Nd7 12.h4 Ne5 13.Nxe7+ Qxe7 14.Qf4 f6 15.Be2
Qe6 16.b3 a5 17.h5 Bf7 18.h6 g5 19.Qd4 a4 20.Kb2 Rfd8 21.f4 c5 22.Qd2 gxf4
23.Bxf4 axb3 24.axb3 c4 25.Bxe5 cxb3 26.Ra1 bxc2 27.Qxc2 dxe5 28.Rxa8 Rxa8
29.c4 Qb6+ {#R} 0-1

[Event "ch-IRI 2017"]
[Site "masterchessopen.com Tehran IRI"]
[Date "2017.03.06"]
[Round "2.3"]
[White "Darini,P"]
[Black "Bagheri,Maziar"]
[Result "1-0"]
[WhiteElo "2518"]
[BlackElo "2302"]

1.e4 e5 2.Nc3 Nc6 3.g3 Bc5 4.Bg2 Nf6 5.Nge2 d6 6.Na4 Be6 7.d3 Qd7 8.h3 a6
9.Nxc5 dxc5 10.Be3 Qd6 11.f4 O-O-O 12.O-O Kb8 13.a3 Bc8 14.Rb1 a5 15.Qe1 b6
16.Qf2 Nd7 17.Rfd1 Ba6 18.Nc3 f6 19.Nd5 Bb7 20.c3 Ne7 21.b4 cxb4 22.Nxe7 Qxe7
23.axb4 axb4 24.Rxb4 g5 25.fxg5 fxg5 26.Ra1 Rhf8 27.Qa2 Nc5 28.Qa7+ Kc8 29.Rc4
Rxd3 30.Bxc5 bxc5 31.Rb1 Bc6 32.Rxc5 Rd6 33.Rb8+ Kd7 34.Rxf8 Qxf8 35.Rxe5 h6
36.Rf5 Rd1+ 37.Kh2 Qd6 38.Rf7+ Kc8 39.e5 Rd2 40.Qa6+ Kd8 41.exd6 {#r} 1-0

[Event "ch-IRI 2017"]
[Site "masterchessopen.com Tehran IRI"]
[Date "2017.03.06"]
[Round "2.6"]
[White "Ghaem Maghami,E"]
[Black "Gholami,A"]
[Result "1-0"]
[WhiteElo "2577"]
[BlackElo "2426"]

1.e4 c5 2.Nf3 Nc6 3.d4 cxd4 4.Nxd4 e5 5.Nb5 a6 6.Nd6+ Bxd6 7.Qxd6 Qe7 8.Qd1
Nf6 9.Nc3 d6 10.Be3 O-O 11.Be2 b5 12.O-O Bb7 13.Re1 Qc7 14.Bg5 b4 15.Bxf6 bxc3
16.Bg5 cxb2 17.Rb1 Nd4 18.Bd3 d5 19.exd5 Bxd5 20.Rxb2 Qc6 21.Bf1 Qc3 22.Bc1
Rfd8 23.Re3 Qc7 24.Qh5 f5 25.c3 g6 26.Qg5 e4 27.Qf6 Bf7 28.Rd2 Ne6 29.Ree2
Rdb8 30.c4 Nc5 31.Bb2 Rxb2 32.Rxb2 Nd3 33.Rb1 Qxc4 34.Rd2 Qa4 35.Bxd3 exd3
36.Rxd3 Qxa2 37.Rbd1 Re8 38.Rd8 Qe2 39.h4 a5 40.R1d7 {#r} 1-0

[Event "ch-IRI Women 2017"]
[Site "masterchessopen.com Tehran IRI"]
[Date "2017.03.05"]
[Round "1.1"]
[White "Alijanzadeh,Mohadeseh"]
[Black "Asadi,Motahare"]
[Result "0-1"]
[WhiteElo "1917"]
[BlackElo "2028"]

1.e4 c5 2.Nc3 e6 3.f4 d5 4.d3 Nf6 5.e5 d4 6.Ne4 Nxe4 7.dxe4 a6 8.a4 b6 9.Bc4
Bb7 10.Qe2 Nc6 11.Bd2 d3 12.Qxd3 Qh4+ 13.g3 Qh5 14.Nf3 Be7 15.O-O Qh3 16.Bc3
h5 17.Rad1 Rd8 18.Qe2 h4 19.Rxd8+ Nxd8 20.Be1 a5 21.Ba6 Ba8 22.c3 Kf8 23.Bc4
hxg3 24.Bxg3 f6 25.Qd3 Rh6 26.Rd1 Qg4 27.Kf2 Qg6 28.Re1 Rh5 29.exf6 gxf6 30.e5
f5 31.Qd7 Bc6 32.Qd1 Qg4 33.Be2 Qh3 34.Bb5 c4 35.Bxc6 Bc5+ 36.Nd4 Nxc6 37.Re2
Rh7 38.Ke1 Nxd4 39.cxd4 Rd7 40.Qc2 Rxd4 41.Rg2 Bb4+ 42.Kf1 Rd2 43.Qxd2 Bxd2
44.Kg1 Be3+ 45.Bf2 Bxf4 46.Bxb6 Be3+ 47.Bxe3 Qxe3+ 48.Rf2 Qxe5 49.Kg2 Qe4+
50.Kg3 Qg4# 0-1

[Event "ch-IRI Women 2017"]
[Site "masterchessopen.com Tehran IRI"]
[Date "2017.03.06"]
[Round "2.2"]
[White "Asadi,Motahare"]
[Black "Azali,Tannaz"]
[Result "0-1"]
[WhiteElo "2028"]
[BlackElo "1922"]

1.e4 c5 2.Nf3 e6 3.d4 cxd4 4.Nxd4 a6 5.Nc3 b5 6.g3 Bb7 7.Bg2 Nf6 8.O-O b4
9.Na4 Bxe4 10.Bxe4 Nxe4 11.Re1 d5 12.Qh5 Qf6 13.Be3 Nd7 14.f3 g6 15.Qh3 Nec5
16.Rad1 Nxa4 17.Nxe6 fxe6 18.Bd4 e5 19.f4 Bc5 20.fxe5 Bxd4+ 21.Rxd4 Qb6 22.Qg4
O-O 23.Kh1 Qc6 24.Rxb4 Nac5 25.Qd4 Ne6 26.Qd2 Rf5 {#R} 0-1

[Event "ch-IRI Women 2017"]
[Site "masterchessopen.com Tehran IRI"]
[Date "2017.03.06"]
[Round "2.3"]
[White "Hamedi Nia,Vesal"]
[Black "Alijanzadeh,Mohadeseh"]
[Result "1-0"]
[WhiteElo "1937"]
[BlackElo "1917"]

1.d4 Nf6 2.c4 e6 3.Nc3 Bb4 4.Qc2 b6 5.e4 c5 6.a3 Bxc3+ 7.bxc3 Bb7 8.Bd3 d6
9.Ne2 Nbd7 10.O-O O-O 11.f3 Rc8 12.Be3 cxd4 13.cxd4 d5 14.Rac1 e5 15.exd5 Bxd5
16.Qb3 exd4 17.Bxd4 Ba8 18.Bf5 Rc7 19.Rcd1 Bc6 20.Be5 Rb7 21.Rfe1 b5 22.Nd4
Qb6 23.cxb5 Bd5 24.Qd3 Nxe5 25.Rxe5 Rd8 26.Qe3 Bc4 27.Re1 g6 28.Nc6 Qxe3+
29.R5xe3 Rd2 30.Na5 Rc7 31.Nxc4 Rxc4 32.Bd3 Ra4 33.Bb1 Rb2 34.h3 Rxb5 35.Bc2
Rd4 36.R1e2 Kg7 37.Re7 a5 38.Ra7 Rd7 39.Ra8 Rc5 40.Kh2 h6 41.Ra6 Rdc7 42.Ba4
Rc3 43.Rxa5 Rxa3 44.Ree5 Ra2 45.Bb3 Rb2 46.Ba4 Nh5 47.Re4 Rd2 48.Ra8 Rb7
49.Be8 Nf6 50.Re1 {#r} 1-0

[Event "Accentus Young Masters"]
[Site "masterchessopen.com Bad Ragaz SUI"]
[Date "2017.03.01"]
[Round "1.3"]
[White "Hera,I"]
[Black "Kaczmarczyk,D"]
[Result "1-0"]
[WhiteElo "2609"]
[BlackElo "2411"]

1.d4 d5 2.c4 dxc4 3.e3 e5 4.Bxc4 exd4 5.exd4 Nf6 6.Qb3 Qe7+ 7.Ne2 Qb4+ 8.Nbc3
Qxb3 9.axb3 c6 10.O-O Bb4 11.Bg5 Nbd7 12.d5 cxd5 13.Nxd5 Nxd5 14.Bxd5 O-O
15.Rfc1 Re8 16.Be3 Nf6 17.Bc4 a5 18.Nd4 Ng4 19.Bf4 Re4 20.Ne2 Re8 21.Bb5 Rd8
22.h3 Nf6 23.Bc7 Rf8 24.Nf4 Bf5 25.Nd3 Bd2 26.Rd1 Rfc8 27.Be5 Ne4 28.Bc4 Be6
29.Bxe6 fxe6 30.Ra4 Rd8 31.Rxe4 Rxd3 32.Bc7 Rc8 33.Bxa5 Rc1 34.Rxc1 Bxc1
35.Bc3 Kf7 36.Kf1 Rd5 37.Rc4 Rd7 38.Bxg7 Rd1+ 39.Ke2 Rd2+ 40.Ke1 Kxg7 41.Rxc1
{#r} 1-0

[Event "Accentus Young Masters"]
[Site "masterchessopen.com Bad Ragaz SUI"]
[Date "2017.03.01"]
[Round "1.4"]
[White "Baenziger,Fabian"]
[Black "Heimann,An"]
[Result "0-1"]
[WhiteElo "2341"]
[BlackElo "2588"]

1.d4 Nf6 2.c4 e6 3.g3 c5 4.Nf3 cxd4 5.Nxd4 d5 6.Bg2 e5 7.Nf3 d4 8.O-O Nc6 9.e3
Be7 10.exd4 exd4 11.Bf4 Be6 12.Ne5 Rc8 13.Re1 O-O 14.Nd2 Nd7 15.Nxc6 bxc6
16.Ne4 Qb6 17.b3 c5 18.Bg5 Rfe8 19.Bxe7 Rxe7 20.Qh5 Rce8 21.Ng5 Nf6 22.Qh4 h6
23.Ne4 Bf5 24.Nxf6+ Qxf6 25.Rxe7 Qxe7 26.Qxe7 Rxe7 27.Bf1 Bc2 28.f3 d3 29.Kf2
g5 30.a3 a5 31.h3 Kg7 {#R} 0-1

[Event "Accentus Young Masters"]
[Site "masterchessopen.com Bad Ragaz SUI"]
[Date "2017.03.02"]
[Round "2.1"]
[White "Kurmann,O"]
[Black "Gaehwiler,G"]
[Result "1-0"]
[WhiteElo "2459"]
[BlackElo "2401"]

1.e4 e5 2.Nf3 Nf6 3.d4 Nxe4 4.Bd3 d5 5.Nxe5 Nd7 6.Nxd7 Bxd7 7.O-O Bd6 8.c4 c6
9.cxd5 cxd5 10.Nc3 Nxc3 11.bxc3 O-O 12.Qh5 g6 13.Qxd5 Qc7 14.g3 Be6 15.Qf3
Qxc3 16.Rb1 Qxd4 17.Be4 Be5 18.Bb2 Qxb2 19.Rxb2 Bxb2 20.h4 Rab8 21.h5 Bg7
22.Qa3 b5 23.Rd1 b4 24.Qxa7 b3 25.axb3 Rxb3 26.Qe7 Rbb8 27.Rd2 Rfe8 28.Qg5 Bc4
29.Qf4 Be5 30.Qh4 Bg7 31.hxg6 hxg6 32.Bxg6 Rbc8 33.Bh7+ Kf8 34.Bf5 Rc6 35.Rd8
Rf6 36.Rxe8+ Kxe8 37.Qxc4 Rxf5 38.Qc8+ {#r} 1-0

[Event "Accentus Young Masters"]
[Site "masterchessopen.com Bad Ragaz SUI"]
[Date "2017.03.02"]
[Round "2.4"]
[White "Studer,N"]
[Black "Hera,I"]
[Result "0-1"]
[WhiteElo "2462"]
[BlackElo "2609"]

1.d4 Nf6 2.c4 d6 3.Nf3 Nbd7 4.Nc3 e5 5.e4 g6 6.Be2 Bg7 7.O-O O-O 8.Qc2 Re8
9.Rd1 exd4 10.Nxd4 c6 11.Rb1 Qe7 12.f3 Nh5 13.Bf1 a5 14.Qf2 a4 15.b4 axb3
16.axb3 Nc5 17.g3 f5 18.exf5 Bxf5 19.Nxf5 gxf5 20.Qc2 Ne6 21.Ne2 f4 22.g4 Qh4
23.gxh5 Ra5 24.Bg2 Nd4 25.Nxd4 Re1+ 26.Bf1 Rg5+ {#R} 0-1

[Event "Accentus Young Masters"]
[Site "masterchessopen.com Bad Ragaz SUI"]
[Date "2017.03.02"]
[Round "2.5"]
[White "Demuth,A"]
[Black "Dragnev,Valentin"]
[Result "1-0"]
[WhiteElo "2527"]
[BlackElo "2520"]

1.Nf3 d5 2.g3 g6 3.c4 dxc4 4.Na3 Bg7 5.Bg2 e5 6.Qa4+ Nc6 7.Nxc4 Bd7 8.Qc2 Nge7
9.O-O O-O 10.d3 Nf5 11.e3 b5 12.Ncd2 Nb4 13.Qc3 c5 14.Ne4 Rc8 15.a3 Nd5 16.Qc2
Qb6 17.Bd2 b4 18.Rfc1 b3 19.Qc4 Rfd8 20.Nxc5 Bb5 21.Qxb3 Rxc5 22.Rxc5 Qxc5
23.Rc1 Qb6 24.e4 Nde3 25.exf5 Nxg2 26.Ng5 Be8 27.Qxb6 axb6 28.fxg6 hxg6
29.Kxg2 Bb5 30.Rc7 Bxd3 31.Be3 b5 32.Nxf7 Ra8 33.Nh6+ Kh8 34.Nf7+ Kg8 35.Bh6
Bf6 36.Bg5 Bg7 37.Nh6+ Kh8 38.Nf7+ Kg8 39.Nh6+ Kh8 40.Ng4 Ra6 41.Bh6 Bxh6
42.Nxh6 e4 43.Nf7+ Kg8 44.Ne5 {#r} 1-0

[Event "Accentus Young Masters"]
[Site "masterchessopen.com Bad Ragaz SUI"]
[Date "2017.03.03"]
[Round "3.3"]
[White "Baenziger,Fabian"]
[Black "Studer,N"]
[Result "0-1"]
[WhiteElo "2341"]
[BlackElo "2462"]

1.e4 e6 2.d4 d5 3.Nd2 c5 4.Ngf3 cxd4 5.exd5 Qxd5 6.Bc4 Qd7 7.O-O Nc6 8.Nb3 a6
9.a4 Bd6 10.Qe2 Nge7 11.Rd1 Nf5 12.g3 O-O 13.Nbxd4 Nfxd4 14.Nxd4 Ne5 15.Bb3 b6
16.Bf4 Qc7 17.Rd2 Bb7 18.Re1 Nf3+ 19.Nxf3 Bxf4 20.gxf4 Qxf4 21.Rd3 Qg4+ 22.Kh1
Rad8 23.Re3 Qf4 24.Rg1 Rd2 {#R} 0-1

[Event "Accentus Young Masters"]
[Site "masterchessopen.com Bad Ragaz SUI"]
[Date "2017.03.03"]
[Round "3.5"]
[White "Gaehwiler,G"]
[Black "Heimann,An"]
[Result "0-1"]
[WhiteElo "2401"]
[BlackElo "2588"]

1.d4 Nf6 2.c4 g6 3.Nf3 Bg7 4.g3 O-O 5.Bg2 Nc6 6.O-O d5 7.Na3 e6 8.Bf4 h6 9.Nb5
a6 10.Nc3 dxc4 11.Qa4 g5 12.Be3 g4 13.Ne5 Nxe5 14.dxe5 Nd5 15.Bc5 b5 16.Qa3
Bb7 17.Rad1 Qg5 18.Nxd5 exd5 19.Bxf8 Bxf8 20.Qe3 Qxe3 21.fxe3 c6 22.Rd4 Bc8
23.e4 Bc5 24.Rd1 Be6 25.exd5 cxd5 26.Kf1 Bxd4 27.Rxd4 Kg7 28.Ke1 Rc8 29.Kd2
Rc5 30.Kc3 a5 31.Rf4 b4+ 32.Kd4 Rc8 33.Bxd5 Bxd5 34.Kxd5 c3 35.bxc3 bxc3
36.Rf1 Rd8+ 37.Kc4 c2 38.Rc1 Rd2 39.Kc3 Rxe2 40.Rxc2 Rxe5 41.Kd3 Kg6 42.Rc6+
f6 43.Ra6 Rh5 44.Ke3 Rxh2 45.Rxa5 Rg2 46.Kf4 h5 47.Ra8 Rf2+ 48.Ke4 Rf3 49.Rg8+
Kh7 50.Rf8 Kg7 51.Kd4 {#R} 0-1

[Event "Accentus Young Masters"]
[Site "masterchessopen.com Bad Ragaz SUI"]
[Date "2017.03.04"]
[Round "4.2"]
[White "Kaczmarczyk,D"]
[Black "Gaehwiler,G"]
[Result "1-0"]
[WhiteElo "2411"]
[BlackElo "2401"]

1.d4 Nf6 2.c4 g6 3.Nc3 Bg7 4.e4 d6 5.Be2 O-O 6.Bg5 c6 7.Nf3 Bg4 8.O-O Bxf3
9.Bxf3 e5 10.d5 a6 11.Qb3 Qc7 12.c5 dxc5 13.d6 Qc8 14.Na4 c4 15.Qe3 Nbd7
16.Bxf6 Bxf6 17.Bg4 Bd8 18.Qh3 f5 19.exf5 Nf6 20.Rad1 c5 21.d7 Qc6 22.fxg6
hxg6 23.Nc3 Kg7 24.Rfe1 e4 25.Be2 Bc7 26.g3 Be5 27.Bxc4 Bd4 28.Ne2 Nxd7
29.Nxd4 cxd4 30.Qe6 Qxe6 31.Bxe6 Nc5 32.Bd5 Rad8 33.Bxe4 Rfe8 34.Bf3 Rxe1+
35.Rxe1 d3 36.Kf1 Na4 37.Re7+ Kf6 38.Rxb7 d2 39.Bd1 Nc5 40.Rb6+ Ke5 41.Ke2 Nd3
42.Ke3 {#r} 1-0

[Event "Accentus Young Masters"]
[Site "masterchessopen.com Bad Ragaz SUI"]
[Date "2017.03.04"]
[Round "4.3"]
[White "Studer,N"]
[Black "Colmenares,A"]
[Result "1-0"]
[WhiteElo "2462"]
[BlackElo "2370"]

1.e4 c5 2.Nf3 Nc6 3.d4 cxd4 4.Nxd4 Nf6 5.Nc3 e5 6.Ndb5 d6 7.Bg5 a6 8.Na3 b5
9.Bxf6 gxf6 10.Nd5 Bg7 11.Bd3 Ne7 12.Nxe7 Qxe7 13.c4 f5 14.O-O O-O 15.Qe2 Bb7
16.Rad1 Rad8 17.cxb5 fxe4 18.Bxe4 d5 19.bxa6 Ba8 20.Bf5 Qf6 21.Qh5 h6 22.Nb5
Qb6 23.a4 e4 24.b3 d4 25.Qg4 Rfe8 26.Rc1 Bc6 27.Rc4 Kh8 28.Rfc1 Bd5 29.Rc8
Rxc8 30.Bxc8 d3 31.Bb7 e3 32.Rc8 Rxc8 33.Qxc8+ Kh7 34.Bxd5 exf2+ 35.Kf1 Qe3
36.Qf5+ Kh8 37.Qc8+ Kh7 38.Qf5+ Kh8 39.Qe4 Qc1+ 40.Kxf2 Qd2+ 41.Kf3 {#r} 1-0

[Event "Accentus Young Masters"]
[Site "masterchessopen.com Bad Ragaz SUI"]
[Date "2017.03.05"]
[Round "5.1"]
[White "Hera,I"]
[Black "Kurmann,O"]
[Result "0-1"]
[WhiteElo "2609"]
[BlackElo "2459"]

1.d4 Nf6 2.Bf4 e6 3.Nf3 c5 4.e3 b6 5.Nc3 d5 6.Nb5 Na6 7.Ne5 Bb7 8.c3 Be7 9.Bd3
O-O 10.Qf3 Nb8 11.Qh3 Nbd7 12.Ng4 a6 13.Nd6 Bc6 14.f3 h5 15.Nf2 Nb8 16.Qg3 h4
17.Qxh4 Bxd6 18.Bxd6 Qxd6 19.g4 Rd8 20.g5 Ne8 21.Ng4 Nd7 22.Rg1 Kf8 23.O-O-O
Ke7 24.Kb1 Rdc8 25.e4 cxd4 26.cxd4 Qf4 27.g6+ f6 28.Qh8 dxe4 29.Bc2 exf3
30.Qg8 Bd5 31.Qf7+ Kd6 32.Bb3 f2 33.Ne5 fxe5 34.dxe5+ Qxe5 35.Qxf2 Nef6 36.Bc2
Kc7 37.Rge1 Qd6 38.Bb3 Kb7 39.a3 Rc5 {#R} 0-1

[Event "Accentus Young Masters"]
[Site "masterchessopen.com Bad Ragaz SUI"]
[Date "2017.03.05"]
[Round "5.4"]
[White "Gaehwiler,G"]
[Black "Studer,N"]
[Result "1-0"]
[WhiteElo "2401"]
[BlackElo "2462"]

1.d4 Nf6 2.c4 e6 3.g3 d5 4.Nf3 Bb4+ 5.Bd2 Be7 6.Bg2 Nbd7 7.O-O c6 8.Na3 O-O
9.Rc1 Re8 10.Qb3 Ne4 11.Be3 Nd6 12.Bf4 Nf5 13.cxd5 exd5 14.Nb5 Nc5 15.dxc5
cxb5 16.Rfd1 Bf6 17.Qxb5 a6 18.Qb3 Rxe2 19.Rxd5 Qe7 20.Rd2 Rxd2 21.Bxd2 Be6
22.Qc2 g6 23.Bc3 Rd8 24.h3 Rd5 25.b4 Qd8 26.a4 Bxc3 27.Qxc3 Rd3 28.Qe5 Bd5
29.Nh2 f6 30.Bxd5+ Rxd5 31.Qe6+ Kg7 32.Re1 Rd7 33.Nf3 Rd3 34.Qe4 Rd7 35.Kg2
Qc7 36.Qc4 Qd8 37.c6 bxc6 38.Qxc6 Rd6 39.Qb7+ Qd7 40.Qxd7+ Rxd7 41.Re6 Rb7
42.Rxa6 Rxb4 43.Ra7+ Kh6 44.Nh2 Nd6 45.Ng4+ Kg5 46.Re7 Rb2 47.Kf1 Rb1+ 48.Ke2
Rb2+ 49.Kd1 h5 50.f4+ Kf5 51.Ne3# 1-0

[Event "Accentus Young Masters"]
[Site "masterchessopen.com Bad Ragaz SUI"]
[Date "2017.03.06"]
[Round "6.2"]
[White "Studer,N"]
[Black "Heimann,An"]
[Result "1-0"]
[WhiteElo "2462"]
[BlackElo "2588"]

1.d4 Nf6 2.c4 g6 3.Nc3 d5 4.Nf3 Bg7 5.h4 dxc4 6.e4 O-O 7.Bxc4 c5 8.d5 Bg4
9.Qc2 Ne8 10.h5 Nd6 11.Be2 Bxf3 12.Bxf3 e6 13.hxg6 hxg6 14.e5 Nf5 15.dxe6 Nc6
16.exf7+ Rxf7 17.Bd5 Nxe5 18.Bf4 {#r} 1-0

[Event "Accentus Young Masters"]
[Site "masterchessopen.com Bad Ragaz SUI"]
[Date "2017.03.06"]
[Round "6.3"]
[White "Demuth,A"]
[Black "Gaehwiler,G"]
[Result "1-0"]
[WhiteElo "2527"]
[BlackElo "2401"]

1.c4 e5 2.Nc3 Nc6 3.e3 Nf6 4.Nf3 Be7 5.a3 O-O 6.Qc2 a5 7.Be2 d5 8.cxd5 Nxd5
9.O-O Be6 10.Bb5 Bd6 11.Ne4 Nde7 12.Bxc6 bxc6 13.d4 exd4 14.Nxd4 Bd7 15.Rd1
Nf5 16.Nxd6 Nxd4 17.Rxd4 cxd6 18.Rxd6 Bf5 19.Rxd8 Bxc2 20.Rxa8 Rxa8 21.Bd2 Bb3
22.Rc1 Ra6 23.Rc5 a4 24.e4 f6 25.Bc3 Kf7 26.f3 Ke6 27.Kf2 Rb6 28.Ke3 Kd6
29.Rh5 Bg8 30.e5+ {#r} 1-0

[Event "ch-LTU 2017"]
[Site "masterchessopen.com Vilnius LTU"]
[Date "2017.02.28"]
[Round "5.1"]
[White "Zaksaite,S"]
[Black "Brazdzionis,A"]
[Result "0-1"]
[WhiteElo "2289"]
[BlackElo "2288"]

1.e4 d6 2.d4 Nf6 3.Nc3 g6 4.Nf3 Bg7 5.Be3 O-O 6.Qd2 c6 7.Bh6 b5 8.Bd3 Bg4
9.Bxg7 Kxg7 10.Qf4 Bxf3 11.Qxf3 e5 12.dxe5 dxe5 13.O-O Nbd7 14.a4 b4 15.Ne2 a5
16.Qg3 Qe7 17.f4 Nh5 18.Qh3 Nxf4 19.Nxf4 exf4 20.Rxf4 Ne5 21.Raf1 Rad8 22.Rh4
h5 23.Qg3 Rh8 24.Rf5 f6 25.h3 b3 26.Rhf4 bxc2 27.Bxc2 h4 28.Rxe5 Qxe5 29.Qf2
Qd4 30.Qxd4 Rxd4 31.Kf1 Rd2 {#R} 0-1

[Event "ch-LTU 2017"]
[Site "masterchessopen.com Vilnius LTU"]
[Date "2017.02.28"]
[Round "5.4"]
[White "Laurusas,T"]
[Black "Eigminas,Kipras"]
[Result "1-0"]
[WhiteElo "2433"]
[BlackElo "1815"]

1.e4 c5 2.Nf3 d6 3.d4 cxd4 4.Nxd4 Nf6 5.Nc3 g6 6.g3 Bg7 7.Bg2 O-O 8.O-O Nc6
9.Nde2 Bd7 10.h3 Rc8 11.Re1 Ne5 12.Nd5 Nxd5 13.exd5 Qb6 14.c3 Rfe8 15.Nd4 e6
16.dxe6 fxe6 17.Re2 Kh8 18.Kh2 Nc6 19.Nf3 Nd8 20.Be3 Qa6 21.Bd4 Bb5 22.Bxg7+
Kxg7 23.Re3 Nf7 24.Nd4 Bd7 25.Qb3 d5 26.Rae1 Rb8 27.h4 Qd6 28.f4 b5 29.Bh3 Rb6
30.Bxe6 Nh6 31.Kg2 b4 32.Bxd7 Rxe3 33.Rxe3 Qxd7 34.cxb4 Ng4 35.Re2 Nf6 36.b5
Ne4 37.a4 Kh6 38.Rc2 Rb8 39.Nc6 Rf8 40.Qe3 Qf5 41.Nd4 Qg4 42.f5+ Kh5 43.Ne6
Rf7 44.Nf4+ Kh6 45.Nxg6+ Kg7 46.Ne5 d4 47.Qb3 {#r} 1-0

[Event "ch-LTU 2017"]
[Site "masterchessopen.com Vilnius LTU"]
[Date "2017.02.28"]
[Round "5.5"]
[White "Malisauskas,V"]
[Black "Zukauskas,Arnas Povilas"]
[Result "1-0"]
[WhiteElo "2415"]
[BlackElo "2142"]

1.Nf3 Nf6 2.g3 g6 3.Bg2 Bg7 4.c4 c6 5.O-O O-O 6.d4 d6 7.Nc3 Qc7 8.h3 e5 9.e4
h6 10.Be3 Nbd7 11.Qd2 Kh7 12.Nh2 Re8 13.f4 Nf8 14.fxe5 dxe5 15.d5 Ng8 16.g4 f6
17.Rfd1 Qf7 18.Nf1 Bd7 19.Ng3 h5 20.gxh5 gxh5 21.Nf5 Bxf5 22.exf5 {#r} 1-0

[Event "ch-LTU 2017"]
[Site "masterchessopen.com Vilnius LTU"]
[Date "2017.02.28"]
[Round "5.7"]
[White "Vicas,M"]
[Black "Sakalauskas,V"]
[Result "0-1"]
[WhiteElo "2043"]
[BlackElo "2357"]

1.e4 e6 2.d4 c5 3.Nf3 cxd4 4.Nxd4 Bc5 5.Nb3 Bb6 6.c4 Ne7 7.Nc3 O-O 8.Bd3 Nbc6
9.O-O f5 10.Qh5 Ne5 11.Be2 N5g6 12.Bg5 fxe4 13.Nxe4 Nf4 14.Bxf4 Rxf4 15.Bd3
Ng6 16.Nd6 Rh4 17.Qe2 Nf4 18.Qf3 Qf8 19.g3 Qxd6 20.gxh4 Nxd3 21.Rfd1 Ne5
22.Qe4 Qf8 23.c5 Bc7 24.Nd4 Qxc5 25.Rac1 Qb6 26.Kh1 d5 27.Qg2 Bd7 28.Rc3 Ng6
29.h5 Nf4 30.Qg5 h6 31.Qg4 Rf8 32.Rg3 Rf7 33.Nf3 e5 34.Qh4 Bc6 35.Rdg1 Bd8
36.Qg4 d4 37.h4 Ne2 38.Kh2 Bxf3 39.Rxf3 Nxg1 40.Rxf7 Kxf7 41.Kxg1 Qc6 42.b4
Bf6 43.a4 Qxa4 44.f4 Qa1+ 45.Kg2 Qb2+ 46.Kf3 Qc3+ 47.Ke4 Qc2+ {#R} 0-1

[Event "ch-LTU 2017"]
[Site "masterchessopen.com Vilnius LTU"]
[Date "2017.02.28"]
[Round "5.8"]
[White "Stauskas,Lukas"]
[Black "Grybas,G"]
[Result "1-0"]
[WhiteElo "2272"]
[BlackElo "2028"]

1.d4 d5 2.c4 c6 3.Nf3 Nf6 4.Nc3 dxc4 5.a4 Bf5 6.e3 e6 7.Bxc4 Be7 8.O-O O-O
9.Qe2 Ne4 10.Rd1 Nd7 11.Nd2 Nxd2 12.Bxd2 Nb6 13.Bb3 Nd5 14.e4 Nxc3 15.Bxc3 Bg6
16.a5 Re8 17.f4 Qc7 18.Qf3 h6 19.Kh1 Bf6 20.e5 Be7 21.g4 Bf8 22.f5 Bh7 23.Rf1
Qd7 24.Rf2 b6 25.Raf1 Rad8 26.Rd1 Qc7 27.h3 bxa5 28.Rdf1 Qd7 29.Bxa5 Rb8
30.Bc4 exf5 31.Bc3 Be7 32.gxf5 Kh8 33.Bxf7 Rf8 34.Qh5 Bh4 35.Be6 Qd8 36.Rg2
{#r} 1-0

[Event "ch-LTU 2017"]
[Site "masterchessopen.com Vilnius LTU"]
[Date "2017.02.28"]
[Round "5.10"]
[White "Narmontas,R"]
[Black "Martinkus,R"]
[Result "1-0"]
[WhiteElo "2001"]
[BlackElo "2198"]

1.e4 g6 2.d4 Bg7 3.Nc3 d6 4.g3 h5 5.h4 Nc6 6.Be3 Nh6 7.f3 a6 8.Qd2 b5 9.a4
bxa4 10.Rxa4 Nb8 11.Bc4 c6 12.Bg5 Nd7 13.Ra2 d5 14.exd5 Nb6 15.Bd3 cxd5
16.Nge2 Nf5 17.g4 Nd6 18.gxh5 Ndc4 19.Qf4 Rxh5 20.Ng3 Rh8 21.b3 e5 22.Qc1 Qd6
23.bxc4 exd4 24.Nce2 {#r} 1-0

[Event "ch-LTU 2017"]
[Site "masterchessopen.com Vilnius LTU"]
[Date "2017.02.28"]
[Round "5.11"]
[White "Grabliauskas,V"]
[Black "Juodzevicius,Darius"]
[Result "1-0"]
[WhiteElo "2367"]
[BlackElo "1930"]

1.d4 Nf6 2.c4 e6 3.g3 d5 4.Nf3 b6 5.Bg2 Ba6 6.cxd5 exd5 7.Nc3 c6 8.O-O Bd6
9.Nh4 O-O 10.Nf5 Bc7 11.Qd2 g6 12.Nh6+ Kh8 13.Re1 Bb7 14.Qd3 Ng8 15.b4 f5
16.Nxg8 Kxg8 17.b5 Qd7 18.Bh6 Rf6 19.Rac1 a6 20.bxc6 Bxc6 21.Nxd5 Bxd5 22.Rxc7
Qd6 23.Rc8+ Kf7 24.Bf4 Qe6 25.Bxd5 Qxd5 26.Bxb8 Qxa2 27.Rec1 g5 28.Qf3 {#r}
1-0

[Event "ch-LTU 2017"]
[Site "masterchessopen.com Vilnius LTU"]
[Date "2017.02.28"]
[Round "5.14"]
[White "Rositsan,B"]
[Black "Leclere,Daniel"]
[Result "1-0"]
[WhiteElo "2097"]
[BlackElo "1418"]

1.e4 c5 2.Nf3 Nc6 3.d4 cxd4 4.Nxd4 Nf6 5.Nxc6 bxc6 6.Bd3 e5 7.Nd2 d5 8.O-O Bc5
9.exd5 cxd5 10.Nb3 Bb6 11.Bg5 O-O 12.c4 e4 13.Be2 Bb7 14.c5 Bc7 15.Qd4 Re8
16.Bxf6 Qxf6 17.Qxf6 gxf6 18.c6 Bc8 19.Rfd1 Be6 20.Nd4 Be5 21.Ba6 Bxd4 22.Rxd4
Rab8 23.b4 Bc8 24.Be2 Rb6 25.b5 Be6 26.a4 a5 27.bxa6 Rxc6 28.Bb5 Rec8 29.Bxc6
Rxc6 30.a5 Rxa6 31.Rb4 Kg7 32.Kf1 Bc8 33.Ke2 Kg6 34.Ke3 Kf5 35.Kd4 Ke6 36.Rb6+
Kd7 37.Rxa6 Bxa6 38.Kxd5 Bb7+ 39.Kc5 Kc7 40.a6 Ba8 41.Rb1 f5 42.g3 f6 43.a7
Bb7 44.h4 h5 45.Rb6 e3 46.fxe3 f4 47.gxf4 {#r} 1-0

[Event "ch-LTU 2017"]
[Site "masterchessopen.com Vilnius LTU"]
[Date "2017.02.28"]
[Round "5.17"]
[White "Vaicekauskas,G"]
[Black "Vaskevicius,Augustas"]
[Result "1-0"]
[WhiteElo "2228"]
[BlackElo "1806"]

1.e4 e5 2.Nf3 Nf6 3.Bc4 Nc6 4.d4 exd4 5.Nxd4 d6 6.Nc3 Be7 7.O-O O-O 8.Bf4 Nxd4
9.Qxd4 Be6 10.Rad1 Nd7 11.Nd5 Bxd5 12.Bxd5 c6 13.Bb3 Nc5 14.Rfe1 Nxb3 15.axb3
Bf6 16.Qb4 Be7 17.Qxb7 Rb8 18.Qxa7 {#r} 1-0